000 00659nam a2200253 i 4500
001 C2-0115029
003 PPAK
005 20180727105001.0
008 970702s1983 vaua|||| ||||| | eng d
020 _a0809443368
040 _aPPAK
_beng
_cPPAK
_erda
082 0 4 _a551
_223
090 0 0 _a551
_bALL
_dR
100 1 _aAllen, Cliver E.,
_eauthor
245 1 0 _aArmosphere
250 _aTime-Life Books
264 1 _aVirginia :
_bTime-Life Books ,
_c1983
300 _a176 pages :
_bcolour illustrations ;
_c28 cm
336 _2rdacontent
_atext
337 _2rdamedia
_aunmediated
338 _2rdacarrier
_avolume
650 1 0 _aEarth
942 _ddc
_cB
999 _c29604
_d29604